Zlepšený MIKULÁŠOV OPLODNIAČIK

Bibliographic Details
Main Author: Malý, Eugen, 1912-1984 (Author)
Format: Article
Language:Slovak

MARC

LEADER 00000nab a2200000ua 4500
001 vtls010792695
003 SK-MaSNL
005 20260303120308.0
008 230131s1961 xo |||||||||||||||||slo|
035 |a (urnnbn)urn:nbn:sk:snk:ar-a000nh 
035 |a (uuid)395dd51a-5cf7-49ca-bd63-05adc6b6855e 
035 |a urn:nbn:sk:snk-ab4yqb 
040 |a SNKBUCL  |b slo  |c SNKBUCL  |e AACR2 
041 0 |a slo 
044 |a xo  |c SK 
100 1 |a Malý, Eugen,  |d 1912-1984  |4 aut  |9 214579 
245 1 0 |a Zlepšený MIKULÁŠOV OPLODNIAČIK  |c E. Malý 
773 0 |t Včelár : odborný časopis Povereníctva poľnohospodárstva a lesného hospodárstva a Ústredia včelárskych združení na Slovensku  |g Roč. 35, č. 8 (1961), s. 175 
954 |a odborná, vedecká literatúra pôvodná (slovenská)  |2 lita 
958 |a OND 
958 |a EUIPO 
958 |a article3 
999 |c 1908700  |d 1910630